Niektoré zmeny vo vysokoškolskom zákone
Niektoré zmeny, ktoré priniesla novela vysokoškolského zákona č. 363/2007 Z.z. Členenie vysokých škôl. Pôsobenie vysokých škôl z ostatných členských štátov EÚ. Akademická samospráva. Posilnenie vplyvu verejnosti na činnosť verejných vysokých škôl. Konanie o udelení štátneho súhlasu na pôsobenie súkr...
Salvato in:
| Autore principale: | |
|---|---|
| Natura: | Capitolo di libro |
| Lingua: | slovacco |
| Soggetti: | |
| Tags: |
Nessun Tag, puoi essere il primo ad aggiungerne!!
|
MARC
| LEADER | 00000naa$a2200000$$$4500 | ||
|---|---|---|---|
| 001 | 0068745 | ||
| 005 | 20231109092041.6 | ||
| 041 | 0 | |a slo | |
| 044 | |a SK | ||
| 245 | 1 | 0 | |a Niektoré zmeny vo vysokoškolskom zákone |c Jozef Jurkovič |
| 520 | |a Niektoré zmeny, ktoré priniesla novela vysokoškolského zákona č. 363/2007 Z.z. Členenie vysokých škôl. Pôsobenie vysokých škôl z ostatných členských štátov EÚ. Akademická samospráva. Posilnenie vplyvu verejnosti na činnosť verejných vysokých škôl. Konanie o udelení štátneho súhlasu na pôsobenie súkromnej vysokej školy. Doktorandi. Školné na vysokých školách. Sociálne a motivačné štipendium. | ||
| 610 | 2 | 0 | |a právo |
| 610 | 2 | 0 | |a novelizácia |
| 610 | 2 | 0 | |a zákony |
| 610 | 2 | 0 | |a školy vysoké |
| 610 | 2 | 0 | |a školy súkromné |
| 610 | 2 | 0 | |a akreditácia |
| 610 | 2 | 0 | |a vzdelávanie vysokoškolské |
| 100 | 1 | |a Jurkovič, Jozef | |